000 00423nam a2200157Ia 4500
003 GCL
008 140319s9999 xx 000 0 eng d
040 _aGCL /
_cGCL
082 0 4 _a658
_bDE
100 1 _aDUBRIN, ANDREW J.
245 1 0 _aWssentials OF Management /
_cDUBRIN, ANDREW J.
260 _a[S.N] :
_bCOLLEGE DIVISION SOUTH-WESTERN PUBLISHIN ،
_c1994
300 _a544 P
650 0 4 _aMANAGEMENT
942 _2ddc
_cBK
999 _c19773
_d19773